Anem al teatre : espectacles per a alumnes d’educació infantil, primària i secundària : curs 1999/2000 espectacles per a alumnes d’educació infantil, primària i secundària :
Descripción Física:
1 tríptic ; 21 cm
MARC
| LEADER | 00000nam a2200000Ia 4500 | ||
|---|---|---|---|
| 001 | 24558 | ||
| 008 | 160829s9999 xx 000 0 cat d | ||
| 080 | |a FU-67-53 | ||
| 245 | |a Anem al teatre : |b espectacles per a alumnes d’educació infantil, primària i secundària : |b curs 1999/2000 | ||
| 260 | |a [Barcelona] : |b Diputació de Barcelona. Àrea de Cultura: |b Àrea d'Educació, DL 1999 | ||
| 300 | |a 1 tríptic ; |c 21 cm | ||
| 650 | 0 | |a Espectacles i passatemps |x Barcelona (Catalunya : Província) |9 49367 | |
| 650 | 0 | |a Infants |x Esbarjo |z Barcelona (Província) |9 49368 | |
| 650 | 0 | |a Teatre |x Barcelona (Província) |9 48722 | |
| 650 | |a Estadístiques |9 49375 | ||
| 710 | |a Barcelona (Catalunya : Província). |b Àrea d'Educació |9 8009 | ||
| 710 | 1 | |a Barcelona (Catalunya : Província). |b Àrea de Cultura |9 53536 | |
| 901 | |a Arxiu | ||
| 942 | |n 1 | ||
| 952 | |0 0 |1 0 |4 0 |6 FU6753 |7 1 |9 55286 |a Arxiu |b Arxiu |d 2016-12-01 |l 0 |o FU-67-53 |p 24558 |r 2016-12-01 00:00:00 |w 2016-12-01 |y ARXIU | ||
| 999 | |c 59159 |d 59159 | ||